Most Guessed Australian Cities - Statistics

General Stats
  • This quiz has been taken 31 times
  • The average score is 12 of 17
Answer Stats
% City % Correct
98 Melbourne
100%
99 Sydney
100%
99 Perth
97%
96 Brisbane
93%
93 Canberra
93%
88 Hobart
90%
97 Adelaide
86%
92 Darwin
79%
87 Gold Coast
79%
85 Alice Springs
72%
72 Newcastle
62%
77 Cairns
55%
65 Sunshine Coast
48%
61 Townsville
45%
63 Wollongong
45%
57 Geelong
41%
50 Launceston
34%
No matching quizzes found
Score Distribution
Percent of People with Each Score
Percentile by Number Answered
Your Score History
You have not taken this quiz